header

Academia to biotechnology (Record no. 239810)

MARC details
000 -LEADER
fixed length control field 01295nam a2200325 a 4500
082 04 - DEWEY DECIMAL CLASSIFICATION NUMBER
Classification number 338.4/76606
100 1# - MAIN ENTRY--AUTHOR NAME
Personal name Gimble, Jeffrey M.
245 10 - TITLE STATEMENT
Title Academia to biotechnology
260 ## - PUBLICATION, DISTRIBUTION, ETC. (IMPRINT)
Place of publication Amsterdam ;
-- Boston :
Name of publisher Elsevier Academic Press,
Year of publication c2005.
300 ## - PHYSICAL DESCRIPTION
Number of Pages xvi, 169 p. :
Other physical details ill.
650 #0 - SUBJECT ADDED ENTRY--TOPICAL TERM
Topical Term Biotechnology industries
Topical Term Scientists
Topical Term Career changes
856 40 - ELECTRONIC LOCATION AND ACCESS
Uniform Resource Identifier http://site.ebrary.com/lib/rucke/Doc?id=10180520

No items available.

© 2026 Rongo University
Contact us: librarian | system librarian | Rongo university